Siigns of life in the U.S.A. Readings on popular culture for writers
Salvato in:
| Autore principale: | |
|---|---|
| Natura: | Libro |
| Lingua: | inglese |
| Pubblicazione: |
Bedford / St. Martin's
2006
|
| Tags: |
Aggiungi Tag
Nessun Tag, puoi essere il primo ad aggiungerne!!
|
MARC
| LEADER | 00000nam a22000007a 4500 | ||
|---|---|---|---|
| 008 | 211028b ||||| |||| 00| 0 eng d | ||
| 020 | |a 0312431333 | ||
| 100 | |a Maasik, Sonia | ||
| 245 | |a Siigns of life in the U.S.A. |b Readings on popular culture for writers |c / Sonia Maasik, [ and] Jack Solomon |g xxi, 808, [8] p. : ill. | ||
| 250 | |b 5th | ||
| 260 | |b Bedford / St. Martin's |c 2006 |d Book |h Boston |i 681685 |i 681594 |l PE1127.P6M11 |m Readers -- Popular culture. |m Report writing--Problems, exercises, etc. |m Report writing--Problems, exercises, etc. |m Popular culture--United States. |m College readers. | ||
| 500 | |a Includes index. | ||
| 942 | |a lcc |c BK |e Olagoke,M.A |f 28/10/2021 | ||
| 952 | |0 0 |1 0 |2 lcc |4 0 |7 0 |9 3716 |a HOL |b HOL |c LP |d 2021-10-28 |o PE1127.P6M11 |p 2021-67451 |r 2021-10-28 00:00:00 |t 681685 |w 2021-10-28 |y BK | ||
| 952 | |0 0 |1 0 |2 lcc |4 0 |6 PE1127 P6 M11 |7 0 |9 3846 |a HOL |b HOL |c LP |d 2021-11-04 |o PE1127.P6M11 |p 2021-67576 |r 2021-11-04 00:00:00 |t 681594 |w 2021-11-04 |y BK | ||
| 952 | |0 0 |1 0 |2 lcc |4 0 |7 0 |9 3847 |a HOL |b ART |d 2021-11-04 |o PE1127.P6M11 |p 2021-67577 |r 2021-11-04 00:00:00 |t 681464 |w 2021-11-04 |y BK | ||
| 999 | |c 1851 |d 1851 | ||